000 00648nam a2200241Ia 4500
003 OSt
005 20221005093712.0
006 a|||||r|||| 00| 0
007 ta
008 221004b |||||||| |||| 00| 0 eng d
024 _a41742
037 _cTextual
040 _aCRL
_cCRL
_beng
041 _2eng
_aeng
082 _aO111,1NPAx, M9
100 _aPatnaik Simanchal
_9214578
245 0 _aSonnets and other poems
260 _aOrissa
_bSarals Patnaik India
_c1989
300 _axiv, 80p
_ccm.
650 _aENGLISH LITERATURE
942 _hO111,1NPAx, M9
_cTEXL
_2cc
999 _c1000810
_d1000810